Perspectives âeconomiques de l'Amâerique latine 2008 (Record no. 38927)
[ view plain ]
| 000 -LEADER | |
|---|---|
| campo de control de longitud fija | 01527nam a2200349Ma 4500 |
| 001 - NÚMERO DE CONTROL | |
| campo de control | 73014 |
| 005 - FECHA Y HORA DE LA ÚLTIMA TRANSACCIÓN | |
| campo de control | 20230410105538.0 |
| 006 - CÓDIGOS DE INFORMACIÓN DE LONGITUD FIJA--CARACTERÍSTICAS DEL MATERIAL ADICIONAL | |
| campo de control de longitud fija | m d |
| 008 - DATOS DE LONGITUD FIJA--INFORMACIÓN GENERAL | |
| campo de control de longitud fija | 080128s2007 fr s i000 0 fre d |
| 035 ## - NÚMERO DE CONTROL DEL SISTEMA | |
| Número de control de sistema | (OCoLC)ocn191658125 |
| 040 ## - FUENTE DE CATALOGACIÓN | |
| Centro catalogador/agencia de origen | MUQ |
| Lengua de catalogación | fre |
| Centro/agencia transcriptor | MUQ |
| 020 ## - NÚMERO INTERNACIONAL ESTÁNDAR DEL LIBRO | |
| ISBN cancelado o inválido | 9264030379 |
| 020 ## - NÚMERO INTERNACIONAL ESTÁNDAR DEL LIBRO | |
| ISBN cancelado o inválido | 9789264030374 |
| 035 ## - NÚMERO DE CONTROL DEL SISTEMA | |
| Número de control de sistema | (OCoLC)191658125 |
| 043 ## - CÓDIGO DE ÁREA GEOGRÁFICA | |
| Código de área geográfica | cl----- |
| 050 14 - SIGNATURA TOPOGRÁFICA DE LA BIBLIOTECA DEL CONGRESO | |
| Número de clasificación | HC125 |
| 245 00 - MENCIÓN DEL TÍTULO | |
| Título | Perspectives âeconomiques de l'Amâerique latine 2008 |
| Medio | [ressource âelectronique]. |
| 260 ## - PUBLICACIÓN, DISTRIBUCIÓN, ETC. | |
| Lugar de publicación, distribución, etc. | Paris: |
| Nombre del editor, distribuidor, etc. | Centre de dâeveloppement de l'Organisation de coopâeration et de dâeveloppement âeconomiques, |
| Fecha de publicación, distribución, etc. | c2007. |
| 500 ## - NOTA GENERAL | |
| Nota general | Paraãit aussi en anglais sous le titre: Latin american economic outlook 2008, et en espagnol sous le titre: Perspectivas Econâomicas de Amâerica latina 2008. |
| 500 ## - NOTA GENERAL | |
| Nota general | Titre de l'âecran-titre (visionnâe le 28 janvier 2008). |
| 516 ## - NOTA DE TIPO DE ARCHIVO DE ORDENADOR O DE DATOS | |
| Nota de tipo de archivo de ordenador o de datos | Disponible en format PDF |
| 530 ## - NOTA DISPONIBLE DE FORMULARIO FÍSICO ADICIONAL | |
| Nota de formato físico adicional disponible | Parait aussi en version papier. |
| 650 #6 - PUNTO DE ACCESO ADICIONAL DE MATERIA--TÉRMINO DE MATERIA | |
| Término de materia o nombre geográfico como elemento de entrada | Indicateurs âeconomiques |
| Subdivisión geográfica | Amâerique latine. |
| 651 #6 - PUNTO DE ACCESO ADICIONAL DE MATERIA--NOMBRE GEOGRÁFICO | |
| Nombre geográfico | Amâerique latine |
| Subdivisión general | Conditions âeconomiques. |
| 651 #6 - PUNTO DE ACCESO ADICIONAL DE MATERIA--NOMBRE GEOGRÁFICO | |
| Nombre geográfico | Amâerique latine |
| Subdivisión general | Politique âeconomique. |
| 710 2# - ENTRADA AGREGADA--NOMBRE DE ENTIDAD CORPORATIVA | |
| Nombre de entidad corporativa o nombre de jurisdicción como elemento de entrada | Organisation de coopâeration et de dâeveloppement âeconomiques. |
| Unidad subordinada | Centre de dâeveloppement. |
| 740 0# - ENTRADA AGREGADA--TÍTULO RELACIONADO/ANALÍTICO NO CONTROLADO | |
| Título relacionado o analítico no controlado | Latin american economic outlook 2008. Franðcais. |
| 740 0# - ENTRADA AGREGADA--TÍTULO RELACIONADO/ANALÍTICO NO CONTROLADO | |
| Título relacionado o analítico no controlado | Perspectivas econâomicas de Amâerica latina 2008. Franðcais. |
| 856 40 - LOCALIZACIÓN Y ACCESO ELECTRÓNICOS | |
| Identificador Uniforme de Recursos | <a href="http://www.sourceocde.org/9264030379">http://www.sourceocde.org/9264030379</a> |
| Nota pública | Acc%60es râeservâe UdeM |
| 942 ## - ELEMENTOS DE ENTRADA SECUNDARIOS (KOHA) | |
| Fuente del sistema de clasificación o colocación | Clasificación de Library of Congress |
| Tipo de ítem Koha | |
| 994 ## - | |
| -- | C0 |
| -- | DRFGD |
| Estatus retirado | Estado de pérdida | Fuente del sistema de clasificación o colocación | Estado de daño | No para préstamo | Colección | Biblioteca de origen | Biblioteca actual | Ubicación en estantería | Fecha de adquisición | Serial enumeration / chronology | Signatura topográfica completa | Código de barras | Visto por última vez | Tipo de ítem Koha |
|---|---|---|---|---|---|---|---|---|---|---|---|---|---|---|
| Clasificación de Library of Congress | Ciencias Sociales | Biblioteca Juan Bosch | Biblioteca Juan Bosch | Ciencias Sociales (3er. Piso) | 10/04/2023 | 3 | HC125 | 00000064004 | 24/10/2018 |
